000 01111nam a22002777a 4500
005 20120828151030.0
008 101019t xxu||||| |||| 00| 0 hin d
010 _aHIN-96550
020 _c200.00
_a9789380417752
035 _aHN-68896
037 _bDBAD / PUB
040 _bHIN
082 _a821
100 _923632
_aदेवेन्द्र सफल
245 _aसहमी हुई सदी /
_cदेवेन्द्र सफल
246 _aSahami hui sadi
_bby Devendra Saphal
260 _aकानपुर
_bअमन प्रकाशन
_c2012
270 _bकानपुर
_a104ए/80सी रामबाग
_e208021 (उ.प्र.)
_k0512- 2543480
300 1 _a128पृ.
_c22सेमी (सजिल्द)
650 _9657
_aहिन्दी कविता
700 _951669
710 _934811
710 _935049
942 _2ddc
_cHN
_mदेवेन्द्र
_h821
999 _c69464
_d69464